IMMUNOGENICITY AND PROTECTIVE ABILITY OF CORPUSCULAR AND SOLUBLE VACCINES PREPARED FROM DIFFERENT COXIELLA BURNETII PHASE I STRAINS

Bibliographic Details
Main Authors: Valková, D. (Author), Gajdošová, E. (Author), Kováčová, E. (Author), Kazár, Ján, 1939-2021 (Author)
Format: Article
Language:English

MARC

LEADER 00000nab a2200000ua 4500
001 vtls010795405
003 SK-MaSNL
005 20260303152441.0
008 230222s1995 xo |||||||||||||||||eng|
035 |a (urnnbn)urn:nbn:sk:snk:ar-a029ei 
035 |a (uuid)3e6a5e76-253e-4397-82af-ffc313ea0d8b 
035 |a urn:nbn:sk:snk-ab4ibc 
040 |a SNKBUCL  |b slo  |c SNKBUCL  |e AACR2 
041 0 |a eng 
044 |a xo  |c SK 
100 1 |a Valková, D.  |4 aut  |9 552721 
245 1 0 |a IMMUNOGENICITY AND PROTECTIVE ABILITY OF CORPUSCULAR AND SOLUBLE VACCINES PREPARED FROM DIFFERENT COXIELLA BURNETII PHASE I STRAINS  |c D. Valková, E. Gajdošová, E. Kováčová, J. Kazár 
700 1 |a Gajdošová, E.  |4 aut  |9 551610 
700 1 |a Kováčová, E.  |4 aut  |9 404085 
700 1 |a Kazár, Ján,  |d 1939-2021  |4 aut  |9 218140 
773 0 |t Acta virologica  |g Roč. 39, č. 5 - 6 (1995), s. 243-249 
958 |a OND 
958 |a EUIPO 
958 |a article3 
999 |c 2023399  |d 2025329